La familia apoyo fundamental: estudio comparativo sobre el tema del soporte social entre desertores y no desertores de la educacion media de sectores populares

Tallennettuna:
Bibliografiset tiedot
Päätekijä: Magendzo K., Salomón (autor)
Aineistotyyppi: Kirja
Kieli:espanja
Julkaistu: Santiago PIIE 1990
Sarja:Serie de investigación Educación y Comunidad
Aiheet:
Tagit: Lisää tagi
Ei tageja, Lisää ensimmäinen tagi!

MARC

LEADER 00000nam a2200000 a 4500
001 UCU9435
003 CL-VaPUC
008 960816e19900000CL |||||||||||||||||spa|d
082 0 4 |a 306.85  |b MAG  |2 21 
100 |a Magendzo K., Salomón  |e autor  |9 368562 
245 1 3 |a La familia apoyo fundamental: estudio comparativo sobre el tema del soporte social entre desertores y no desertores de la educacion media de sectores populares 
300 |a 92 p 
942 |c BK 
945 |d 19960816 00:00:00  |a rleighto 
260 |a Santiago  |b PIIE  |c 1990 
650 0 |a Familias   |9 255641 
650 7 |a EDUCACION FAMILIAR  |2 CL-VaPUC  |9 309569 
650 7 |a INFLUENCIA FAMILIAR  |2 CL-VaPUC  |9 335148 
650 0 |a Vida familiar  |9 308049 
650 7 |a ROLES DENTRO DE LA FAMILIA  |2 CL-VaPUC  |9 338181 
650 7 |a MEDIO FAMILIAR  |2 CL-VaPUC  |9 337153 
650 0 |a Investigación educacional   |9 261192 
650 7 |a TRABAJO DE INVESTIGACION  |2 CL-VaPUC  |9 334804 
650 0 |a Educación básica   |9 224933 
650 7 |a TECNICAS DE INVESTIGACION  |2 CL-VaPUC  |9 368563 
650 0 |a Metodología   |9 256610 
583 |a last modification  |c 19960816 00:00:00  |k Rodrigo Vera 
490 0 |a Serie de investigación Educación y Comunidad 
999 |c 251174  |d 251172 
952 |0 0  |1 0  |4 0  |6 306_850000000000000_MAG_1990  |7 0  |8 A  |9 270163  |a BIBEDU  |b BIBEDU  |d 2019-11-19  |i 3221369  |o 306.85 MAG 1990  |p 3221369  |r 2019-11-19  |w 2019-11-19  |y BK  |k EDU